000 00835nam a2200229 a 4500
001 000039384
003 DO-SdBNP
005 20250625103835.0
008 130625s1989 sp 000 0 spa d
020 _a8400069714
040 _aDO-SdBNP
_bspa
_cBNPHU
100 1 _aFernández Marcos, Natalio
_915285
245 1 3 _aEl texto antioqueno de la biblia griega /
_cNatalio Fernández Marcos, José Ramón Busto Saiz.
260 _aMadrid :
_bConsejo Superior de Investigaciones Científicas
_bInstituto de Filología,
_c1989.
300 _av. ;
_c26 cm.
490 0 _aConsejo Nacional de Población y Familia
_vno. 50
500 _aIncluye notas al pie de las páginas
500 _aLa biblioteca posee los volúmenes I, II y III
500 _aIncluye bibliografía
700 1 _aBusto Saiz, José Ramón
_965411
942 _2ddc
_cLBS1
999 _c38874
_d38874